| 000 | 00497nam a2200193Ia 4500 | ||
|---|---|---|---|
| 005 | 20250423100920.0 | ||
| 008 | 250422s9999 xx 000 0 und d | ||
| 020 | _a9789350142295 | ||
| 050 | _aTK 5102.5 .S53/ | ||
| 100 | _aSharma, Sanjay | ||
| 245 | 0 | _aSignals and systems | |
| 250 | _a8th rev. ed. | ||
| 260 | _aNew Delhi | ||
| 260 | _bS. K. Kataria & Sons | ||
| 260 | _c2015 | ||
| 300 | _a874 p | ||
| 650 | _a Signal theory (Telecommunication) System analysis. | ||
| 942 | _cBK | ||
| 999 |
_c34731 _d34731 |
||